| 000 | 00352nam a22001457a 4500 | ||
|---|---|---|---|
| 008 | 210310b ||||| |||| 00| 0 eng d | ||
| 020 | _a9780131700598 | ||
| 041 | _aeng | ||
| 080 |
_24th _a510 |
||
| 082 | _a510 | ||
| 100 | _a36 | ||
| 101 | _aMAT | ||
| 245 |
_aLearning Mathematics in Elementary and Middle Schools _cCathcart, W. G |
||
| 942 |
_2udc _cBK |
||
| 999 |
_c56243 _d56243 |
||